[Event "Albena BUL, 19th Open round_6"]
[Site "Albena BUL"]
[Date "2011.06.30"]
[Round "6.28"]
[White "Dimitrov, Pavel"]
[Black "Slavov, Dimitar"]
[Result "1-0"]
[WhiteElo "2344"]
[BlackElo "2230"]
[PlyCount "105"]
[EventDate "2011.06.25"]
[EventType "swiss"]
[EventRounds "9"]
[EventCountry "BUL"]

1. e4 c6 2. d4 d5 3. Nc3 dxe4 4. Nxe4 Bf5 5. Ng3 Bg6 6. Nf3 Nd7 7. h4 h6 8. h5
Bh7 9. Bd3 Bxd3 10. Qxd3 Ngf6 11. Bd2 e6 12. O-O-O a5 13. Ne4 Nxe4 14. Qxe4 Nf6
15. Qe2 Qd5 16. c4 Qe4 17. Be3 a4 18. Rh4 Qf5 19. Ne5 a3 20. b3 Bd6 21. Qc2
Qxc2+ 22. Kxc2 Rd8 23. f4 O-O 24. g4 c5 25. g5 cxd4 26. Bxd4 Bxe5 27. Bxe5 Rxd1
28. Kxd1 Rd8+ 29. Ke2 Ne4 30. Rg4 Kf8 31. Ke3 f6 32. gxf6 gxf6 33. Bd4 Nd6 34.
Bxf6 Nf5+ 35. Ke2 Rd7 36. Bc3 Kf7 37. Rg6 Rd8 38. Rf6+ Ke7 39. Rg6 Kf7 40. Be5
Rd7 41. Rg1 Rd8 42. Rg6 Rd7 43. Rg1 Rd8 44. c5 Rd5 45. b4 Nd4+ 46. Kf2 Nf5 47.
Re1 Rd2+ 48. Re2 Rd3 49. b5 Nd4 50. c6 bxc6 51. b6 Nxe2 52. b7 Rd8 53. Kxe2 1-0

[Event "Albena BUL, 19th Open round_6"]
[Site "Albena BUL"]
[Date "2011.06.30"]
[Round "6.29"]
[White "Kulon, Klaudia"]
[Black "Vutov, Mario"]
[Result "1/2-1/2"]
[WhiteElo "2227"]
[BlackElo "2342"]
[PlyCount "118"]
[EventDate "2011.06.25"]
[EventType "swiss"]
[EventRounds "9"]
[EventCountry "BUL"]

1. c4 Nf6 2. Nc3 g6 3. g3 Bg7 4. Bg2 d6 5. e3 h5 6. h3 c5 7. a3 Nc6 8. Rb1 O-O
9. b4 cxb4 10. axb4 a5 11. bxa5 Ne5 12. d3 Qxa5 13. Nge2 Nh7 14. O-O Ng5 15.
Nd5 Nxh3+ 16. Kh1 Qd8 17. f4 Ng4 18. Bxh3 Nxe3 19. Bxe3 Bxh3 20. Rf2 e6 21. Bb6
Qd7 22. Ne3 Ra2 23. Rh2 e5 24. Ng1 Rxh2+ 25. Kxh2 Be6 26. Qf3 Ra8 27. fxe5 Ra2+
28. Kh1 dxe5 29. Nd5 Bf5 30. Bf2 Bg4 31. Qe3 Be6 32. Nb4 Ra3 33. Qc1 Ra4 34.
Nf3 Bf8 35. Qc3 Bxb4 36. Rxb4 Rxb4 37. Qxb4 Qxd3 38. Qxb7 Bxc4 39. Kh2 f6 40.
Qb8+ Kg7 41. Qa7+ Bf7 42. Kg2 Qd5 43. Be3 Qe4 44. Kf2 Qf5 45. Kg2 g5 46. Nd2
Qd3 47. Kf2 Kg6 48. Qa8 Qf5+ 49. Qf3 Qxf3+ 50. Nxf3 Kf5 51. Bb6 Bd5 52. Nd2 h4
53. gxh4 gxh4 54. Bd8 h3 55. Nf1 Kg6 56. Kg3 Be6 57. Bc7 Bc8 58. Nd2 Bf5 59.
Nf3 Be6 1/2-1/2

[Event "Albena BUL, 19th Open round_6"]
[Site "Albena BUL"]
[Date "2011.06.30"]
[Round "6.31"]
[White "Ermenkov, Evgenij"]
[Black "Sofranov, Velizar"]
[Result "1-0"]
[WhiteElo "2451"]
[BlackElo "2053"]
[PlyCount "123"]
[EventDate "2011.06.25"]
[EventType "swiss"]
[EventRounds "9"]
[EventCountry "BUL"]

1. e4 e5 2. Bc4 Nf6 3. d3 c6 4. Nf3 d5 5. Bb3 Bd6 6. Nc3 dxe4 7. Ng5 O-O 8.
Ncxe4 Nxe4 9. Nxe4 Bf5 10. Qf3 Bxe4 11. dxe4 Nd7 12. c3 a5 13. O-O a4 14. Bc2
Qf6 15. Be3 Bc5 16. Bd2 b5 17. Rad1 Nb6 18. Bc1 Qe6 19. Bb1 Rad8 20. h3 b4 21.
cxb4 Bxb4 22. Rxd8 Rxd8 23. Rd1 Rxd1+ 24. Qxd1 Qd6 25. Qxd6 Bxd6 26. a3 Bc5 27.
Kf1 Bd4 28. Ba2 Kf8 29. Ke2 Ke7 30. f3 f6 31. Kd3 Kd6 32. b3 axb3 33. Bxb3 Kc5
34. Bf7 Kb5 35. Be8 Na4 36. Kc2 Nc5 37. Bd2 Na4 38. h4 Bf2 39. h5 h6 40. Kd3
Bc5 41. Bc1 Bd4 42. Kc2 Nc5 43. Bd2 Na4 44. Be1 Bg1 45. Bd2 Bd4 46. Bf7 Nb6 47.
Kb3 Nd7 48. a4+ Kb6 49. Kc4 Ka6 50. a5 Kb7 51. Bb4 c5 52. Bd2 Kc6 53. Bd5+ Kc7
54. Kb5 Kb8 55. a6 Ka7 56. Ba5 c4 57. Bxc4 Nb8 58. Bb4 Nxa6 59. Bf8 Be3 60.
Bxg7 Bg5 61. Bd5 Nc7+ 62. Kc6 1-0

[Event "Albena BUL, 19th Open round_6"]
[Site "Albena BUL"]
[Date "2011.06.30"]
[Round "6.32"]
[White "Vioreanu, Bogdan-Gabriel"]
[Black "Khazankin, Moisei"]
[Result "0-1"]
[WhiteElo "2430"]
[BlackElo "2091"]
[PlyCount "116"]
[EventDate "2011.06.25"]
[EventType "swiss"]
[EventRounds "9"]
[EventCountry "BUL"]

1. d4 Nf6 2. c4 c5 3. d5 e5 4. Nc3 d6 5. e4 Be7 6. h3 h5 7. Be2 Nbd7 8. h4 g6
9. Nf3 a6 10. Ng5 Nh7 11. Nxh7 Rxh7 12. g3 Nf6 13. Bd2 Bd7 14. Qc2 Kf8 15. a4
Kg7 16. a5 Rh8 17. Na4 Bxa4 18. Rxa4 Qd7 19. f3 Rhb8 20. Kf2 b5 21. axb6 Rxb6
22. Bc3 Ne8 23. Kg2 Rab8 24. Ra2 Kh7 25. Qd3 Bf8 26. Bd1 Bh6 27. Ba4 Qc8 28.
Rha1 Ng7 29. Qe2 f5 30. Bc2 f4 31. g4 g5 32. Rh1 gxh4 33. Rxh4 Bg5 34. Rh1 Kg6
35. Kf1 hxg4 36. fxg4 Ne8 37. Rh8 Qd7 38. Ba4 Qf7 39. Bxe8 Rxe8 40. Qh2 Rxh8
41. Qxh8 Qh7 42. Qe8+ Qf7 43. Qc8 Be7 44. Kf2 Qh7 45. Qe6+ Kg5 46. Kg1 Bf6 47.
b4 Qxe4 48. Qg8+ Qg6 49. Qxg6+ Kxg6 50. bxc5 dxc5 51. Rd2 Rb3 52. Ba5 e4 53. d6
e3 54. Rd5 f3 55. d7 Rb1+ 56. Kh2 f2 57. Rd6 f1=Q 58. Rxf6+ Qxf6 0-1

[Event "Albena BUL, 19th Open round_6"]
[Site "Albena BUL"]
[Date "2011.06.30"]
[Round "6.33"]
[White "Osmanovic, Faruk"]
[Black "Paikidze, Nazi"]
[Result "1/2-1/2"]
[WhiteElo "2093"]
[BlackElo "2408"]
[PlyCount "91"]
[EventDate "2011.06.25"]
[EventType "swiss"]
[EventRounds "9"]
[EventCountry "BUL"]

1. e4 c6 2. d4 d5 3. Nc3 dxe4 4. Nxe4 Bf5 5. Ng3 Bg6 6. h4 h6 7. Nf3 Nd7 8. h5
Bh7 9. Bd3 Bxd3 10. Qxd3 e6 11. Bd2 Qc7 12. O-O-O Ngf6 13. Kb1 O-O-O 14. c4 c5
15. Bc3 cxd4 16. Nxd4 a6 17. b3 Nc5 18. Qc2 Bd6 19. Nde2 Qc6 20. f3 Qc7 21. Nf1
Be5 22. Ne3 Rxd1+ 23. Nxd1 Rd8 24. Nf2 Bxc3 25. Qxc3 Qb6 26. Qe3 e5 27. Nc3 Rd4
28. Kc2 Ne6 29. Nfe4 Nxe4 30. fxe4 Nf4 31. Rd1 Ne6 32. Nd5 Qa5 33. a4 Qc5 34.
Rxd4 Nxd4+ 35. Kb2 Kd8 36. Qc3 Nc6 37. Qd2 a5 38. Ne3+ Qd4+ 39. Qxd4+ Nxd4 40.
c5 Ne6 41. Nc4 Nxc5 42. Nxe5 Kc7 43. Nc4 Nxe4 44. Ne5 Ng3 45. Nxf7 Nxh5 46. Kc3
1/2-1/2

[Event "Albena BUL, 19th Open round_6"]
[Site "Albena BUL"]
[Date "2011.06.30"]
[Round "6.34"]
[White "Bogdanov, Valentin"]
[Black "Petkov, Hristo"]
[Result "1-0"]
[WhiteElo "2391"]
[BlackElo "2076"]
[PlyCount "61"]
[EventDate "2011.06.25"]
[EventType "swiss"]
[EventRounds "9"]
[EventCountry "BUL"]

1. d4 Nf6 2. Nf3 g6 3. c4 Bg7 4. Nc3 O-O 5. e4 d6 6. Be2 e5 7. O-O Nc6 8. d5
Ne7 9. Ne1 Nd7 10. Be3 f5 11. f3 Nf6 12. c5 f4 13. Bf2 g5 14. Rc1 Ng6 15. cxd6
cxd6 16. Nb5 Ne8 17. Nxa7 Bd7 18. Qb3 h5 19. Qb6 Qe7 20. Qxb7 Nf6 21. Rc7 Rab8
22. Nc6 Bxc6 23. Qxc6 Qd8 24. Nd3 Ne8 25. Rb7 Rxb7 26. Qxb7 Qa5 27. Nb4 Nf6 28.
a3 g4 29. Qb6 Qa4 30. Qc6 Qa5 31. Bb6 1-0

[Event "Albena BUL, 19th Open round_6"]
[Site "Albena BUL"]
[Date "2011.06.30"]
[Round "6.35"]
[White "Andronescu, Madalin"]
[Black "Panbukchian, Valentin"]
[Result "0-1"]
[WhiteElo "2077"]
[BlackElo "2385"]
[PlyCount "98"]
[EventDate "2011.06.25"]
[EventType "swiss"]
[EventRounds "9"]
[EventCountry "BUL"]

1. d4 f5 2. g3 Nf6 3. Bg2 g6 4. Nf3 Bg7 5. O-O O-O 6. b4 c6 7. c4 Ne4 8. Qb3 a5
9. Nbd2 axb4 10. c5+ e6 11. Bb2 Nxd2 12. Nxd2 b5 13. d5 cxd5 14. Bxd5 Ra4 15.
Bxg7 Kxg7 16. Bc4 Ra5 17. Qb2+ Qf6 18. Qxf6+ Kxf6 19. Nb3 Ra3 20. Bxb5 Bb7 21.
Bc4 Rc8 22. Rfd1 d5 23. Bd3 Nc6 24. Bb5 Ba6 25. Bxc6 Rxc6 26. Rdc1 Bc4 27. Nd2
Rxc5 28. Rc2 Rc3 29. Rb2 Ra5 30. Rxb4 Bxe2 31. a4 Bc4 32. Kg2 g5 33. Nf3 Rb3
34. Rxb3 Bxb3 35. Nd4 Bxa4 36. Nb3 Ra8 37. Nc5 Bc6 38. Re1 d4+ 39. Kf1 Bd5 40.
Rd1 Bf3 41. Re1 Re8 42. Nd7+ Ke7 43. Ne5 Bd5 44. Ra1 Rb8 45. Ra4 Kd6 46. Nf7+
Kc5 47. Nxg5 d3 48. Ke1 Rb2 49. Nf7 d2+ 0-1

[Event "Albena BUL, 19th Open round_6"]
[Site "Albena BUL"]
[Date "2011.06.30"]
[Round "6.36"]
[White "Ljangov, Petar"]
[Black "Badev, Kiril"]
[Result "1/2-1/2"]
[WhiteElo "2064"]
[BlackElo "2307"]
[PlyCount "78"]
[EventDate "2011.06.25"]
[EventType "swiss"]
[EventRounds "9"]
[EventCountry "BUL"]

1. e4 g6 2. d4 Bg7 3. Nc3 d6 4. Nge2 Nd7 5. g3 c5 6. Bg2 cxd4 7. Nxd4 Ngf6 8.
O-O O-O 9. h3 a6 10. Be3 Ne5 11. b3 Bd7 12. Nd5 e6 13. Nxf6+ Bxf6 14. Qd2 Qc7
15. Rad1 Be7 16. f4 Nc6 17. Nxc6 bxc6 18. Bc5 dxc5 19. Qxd7 Ra7 20. Qxc7 Rxc7
21. e5 c4 22. bxc4 Rb8 23. Rb1 Bc5+ 24. Kh1 Rcb7 25. Rb3 Rb4 26. Rd1 Bf2 27.
Rdd3 c5 28. a3 Rxb3 29. cxb3 a5 30. Bc6 h5 31. Kg2 Bd4 32. Kf3 Rc8 33. Bd7 Rb8
34. Ke4 Bb2 35. a4 Bd4 36. Bc6 Kf8 37. Bb5 Ke7 38. Kf3 Rg8 39. Rd1 Rd8 1/2-1/2

[Event "Albena BUL, 19th Open round_6"]
[Site "Albena BUL"]
[Date "2011.06.30"]
[Round "6.37"]
[White "Dimov, Dian"]
[Black "Iovcov, Valerii"]
[Result "1-0"]
[WhiteElo "2292"]
[BlackElo "2074"]
[PlyCount "82"]
[EventDate "2011.06.25"]
[EventType "swiss"]
[EventRounds "9"]
[EventCountry "BUL"]

1. e4 c5 2. Nf3 d6 3. g3 Nc6 4. Bg2 g6 5. O-O Bg7 6. c3 e5 7. d3 Nge7 8. a3 O-O
9. b4 a6 10. Bb2 h6 11. Nbd2 Be6 12. Re1 Qd7 13. Nc4 Rae8 14. Ne3 f5 15. Nd2
Rf7 16. Qe2 Ref8 17. Rf1 Kh7 18. Nd5 f4 19. Nxe7 Qxe7 20. f3 fxg3 21. hxg3 h5
22. Nc4 Bh6 23. Bc1 Bxc1 24. Raxc1 b5 25. Ne3 Qg5 26. Qe1 cxb4 27. axb4 a5 28.
bxa5 Nxa5 29. Rb1 Nb3 30. Nd5 Bxd5 31. exd5 Nc5 32. d4 Nd3 33. Qe4 Qxg3 34.
Qxd3 h4 35. Rxb5 h3 36. Rb2 exd4 37. Qxd4 hxg2 38. Rxg2 Qh4 39. Rh2 Qxh2+ 40.
Kxh2 Rf4 41. Qe3 R8f6 1-0

[Event "Albena BUL, 19th Open round_6"]
[Site "Albena BUL"]
[Date "2011.06.30"]
[Round "6.38"]
[White "Samhouri, Bilal"]
[Black "Todorov, Kostadinov Todor"]
[Result "1/2-1/2"]
[WhiteElo "2269"]
[BlackElo "2072"]
[PlyCount "25"]
[EventDate "2011.06.25"]
[EventType "swiss"]
[EventRounds "9"]
[EventCountry "BUL"]

1. d4 Nf6 2. Nf3 g6 3. c4 Bg7 4. Nc3 d5 5. Bf4 O-O 6. cxd5 Nxd5 7. Nxd5 Qxd5 8.
Bxc7 Bf5 9. e3 Rc8 10. Bxb8 Raxb8 11. Bd3 Bxd3 12. Qxd3 e5 13. e4 1/2-1/2

[Event "Albena BUL, 19th Open round_6"]
[Site "Albena BUL"]
[Date "2011.06.30"]
[Round "6.39"]
[White "Tashkov, Rumen"]
[Black "Daskalov, Dimitar"]
[Result "1-0"]
[WhiteElo "2248"]
[BlackElo "2035"]
[PlyCount "79"]
[EventDate "2011.06.25"]
[EventType "swiss"]
[EventRounds "9"]
[EventCountry "BUL"]

1. d4 Nf6 2. c4 g6 3. Nf3 Bg7 4. g3 O-O 5. Bg2 c5 6. Nc3 cxd4 7. Nxd4 Nc6 8.
O-O Nxd4 9. Qxd4 d6 10. Qd3 a6 11. Be3 Rb8 12. Ba7 Ra8 13. Bd4 Rb8 14. Rfd1 Bf5
15. e4 Bg4 16. Rd2 Qc7 17. Bxf6 exf6 18. Nd5 Qa5 19. a4 Be6 20. b4 Qd8 21. Rad1
Bh6 22. Re2 Rc8 23. h4 Re8 24. a5 Bxd5 25. Qxd5 Qc7 26. Rc2 Bf8 27. Kh2 b5 28.
Rdc1 Qb8 29. f4 bxc4 30. Rxc4 Rxc4 31. Rxc4 f5 32. exf5 Re2 33. fxg6 hxg6 34.
f5 Re5 35. Qb7 Rb5 36. Qxa6 Rxb4 37. Rc8 Qb5 38. Qxd6 Kh7 39. fxg6+ fxg6 40.
Rxf8 1-0

[Event "Albena BUL, 19th Open round_6"]
[Site "Albena BUL"]
[Date "2011.06.30"]
[Round "6.40"]
[White "Kirchev, Krasimir"]
[Black "Spiridonov, Nikola"]
[Result "0-1"]
[WhiteElo "2037"]
[BlackElo "2244"]
[PlyCount "206"]
[EventDate "2011.06.25"]
[EventType "swiss"]
[EventRounds "9"]
[EventCountry "BUL"]

1. Nf3 c5 2. c4 g6 3. Nc3 Bg7 4. d4 cxd4 5. Nxd4 Nc6 6. Nxc6 bxc6 7. e4 Rb8 8.
Be2 d6 9. O-O Nf6 10. Qa4 Qc7 11. Rb1 Nd7 12. Be3 a5 13. Qc2 O-O 14. Rbd1 Nc5
15. f4 Rb4 16. Rd2 Be6 17. Nd1 Rfb8 18. f5 Bd7 19. Bg5 Be8 20. f6 exf6 21. Bxf6
Bxf6 22. Rxf6 Qe7 23. Rf1 Nxe4 24. Rd4 d5 25. Kh1 Qe5 26. Qd3 Nc5 27. Qd2 Ne6
28. Rh4 Qg5 29. Qe1 d4 30. Rg4 Qe5 31. Qf2 Rxb2 32. Nxb2 Rxb2 33. Re1 Rxa2 34.
Bd3 Rxf2 35. Rxe5 Rd2 36. Bf1 c5 37. Rd5 h5 38. Rg3 Bc6 39. Rd6 Be4 40. Kg1 Ra2
41. Rb3 h4 42. h3 Kg7 43. Rdb6 Kf6 44. Rb2 Rxb2 45. Rxb2 Ke5 46. Kf2 a4 47. Rb5
f5 48. Ra5 Bc2 49. Ra6 g5 50. Ke1 g4 51. Kd2 Bb3 52. Ra5 Kf4 53. Ra6 Ng5 54.
hxg4 fxg4 55. Bd3 h3 56. gxh3 gxh3 57. Rf6+ Kg3 58. Rg6 Kg4 59. Be2+ Kf4 60.
Rf6+ Ke5 61. Rh6 a3 62. Kc1 Kf4 63. Bf1 Kg3 64. Rh5 Kg4 65. Be2+ Kf4 66. Bf1
Ne4 67. Rxh3 Nc3 68. Rh8 Na2+ 69. Kb1 Nb4 70. Rh4+ Ke5 71. Rh5+ Kd6 72. Rh6+
Kc7 73. Rh7+ Kb6 74. Rh6+ Ka5 75. Rh5 Kb6 76. Rh6+ Kc7 77. Rh5 Kd6 78. Rh6+ Ke7
79. Rh7+ Kf6 80. Ra7 Bc2+ 81. Kc1 a2 82. Rxa2 Nxa2+ 83. Kxc2 Ke5 84. Bg2 Kf4
85. Kd2 Nc3 86. Bb7 Ne4+ 87. Kd3 Nd6 88. Bd5 Nf5 89. Bb7 Ne3 90. Bc6 Ng4 91.
Bd5 Ne5+ 92. Kd2 Ng4 93. Bg8 Ne3 94. Kd3 Ke5 95. Bh7 Kd6 96. Bg8 Kc6 97. Bf7
Kb6 98. Be8 Ka5 99. Bd7 Kb4 100. Be6 Kb3 101. Bf7 Nd1 102. Kd2 Nb2 103. Bg8 Kb4
0-1

[Event "Albena BUL, 19th Open round_6"]
[Site "Albena BUL"]
[Date "2011.06.30"]
[Round "6.41"]
[White "Popov, Petar"]
[Black "Steimar, Miroslav"]
[Result "1-0"]
[WhiteElo "2244"]
[BlackElo "2024"]
[PlyCount "51"]
[EventDate "2011.06.25"]
[EventType "swiss"]
[EventRounds "9"]
[EventCountry "BUL"]

1. d4 c6 2. e4 d5 3. Nd2 dxe4 4. Nxe4 Bf5 5. Ng3 Bg6 6. h4 h5 7. Nf3 Nd7 8. Bd3
Bxd3 9. Qxd3 Ngf6 10. O-O e6 11. Bf4 Nd5 12. Bd2 Be7 13. Rae1 g6 14. Rxe6 fxe6
15. Qxg6+ Kf8 16. Re1 Nc7 17. Nxh5 Rxh5 18. Qxh5 Bf6 19. Bf4 Kg7 20. Bh6+ Kg8
21. Qg6+ Kh8 22. Ng5 Qg8 23. Nf7+ Qxf7 24. Qxf7 Rd8 25. Bg5 Ne8 26. Rxe6 1-0

[Event "Albena BUL, 19th Open round_6"]
[Site "Albena BUL"]
[Date "2011.06.30"]
[Round "6.43"]
[White "Reipsch, Jens"]
[Black "Iliev, Atanas"]
[Result "0-1"]
[WhiteElo "2237"]
[BlackElo "1979"]
[PlyCount "128"]
[EventDate "2011.06.25"]
[EventType "swiss"]
[EventRounds "9"]
[EventCountry "BUL"]

1. e4 d5 2. exd5 Nf6 3. Nf3 Nxd5 4. c4 Nb6 5. c5 Nd5 6. Bc4 e6 7. d4 Be7 8. Nc3
b6 9. Ne5 O-O 10. c6 Nxc3 11. bxc3 f6 12. Nd7 Nxd7 13. Bxe6+ Kh8 14. cxd7 Bxd7
15. Bb3 Bb5 16. c4 Bb4+ 17. Kf1 Bc3 18. cxb5 Bxa1 19. Be3 Bb2 20. Qd2 Ba3 21.
Qd3 f5 22. g4 f4 23. Bd2 Qh4 24. Bd5 Bd6 25. Bxa8 Rxa8 26. Qf3 Rf8 27. Kg2 Qg5
28. a4 h5 29. h3 Rf6 30. Re1 hxg4 31. hxg4 Rh6 32. Rh1 Rxh1 33. Kxh1 Qf6 34.
Qa8+ Kh7 35. Qe4+ g6 36. Kg2 Qh4 37. Qe6 Kh6 38. Bc1 Kg5 39. Qd5+ Kh6 40. f3
Qg3+ 41. Kf1 Qh3+ 42. Ke2 Qg2+ 43. Kd1 Qf1+ 44. Kc2 Qe2+ 45. Kc3 Qd1 46. Bd2
Qxa4 47. Kd3 Qd1 48. Qe4 Qb1+ 49. Kc4 Qxe4 50. fxe4 Kg5 51. e5 Be7 52. Kd5 Kxg4
53. Kc6 f3 54. Be3 Kf5 55. Kxc7 Ke4 56. Bf2 g5 57. Kd7 Bb4 58. e6 Kf4 59. d5
Ke5 60. d6 Bxd6 61. Bg3+ Kd5 62. Bxd6 f2 63. e7 f1=Q 64. e8=Q Qxb5+ 0-1

[Event "Albena BUL, 19th Open round_6"]
[Site "Albena BUL"]
[Date "2011.06.30"]
[Round "6.44"]
[White "Sotirov, Nikolaj"]
[Black "Orndahl, Markus"]
[Result "0-1"]
[WhiteElo "2034"]
[BlackElo "2235"]
[PlyCount "106"]
[EventDate "2011.06.25"]
[EventType "swiss"]
[EventRounds "9"]
[EventCountry "BUL"]

1. e4 c5 2. c3 Nf6 3. e5 Nd5 4. d4 cxd4 5. cxd4 Nc6 6. Nf3 d6 7. Bc4 dxe5 8.
Nxe5 Be6 9. O-O g6 10. Qb3 Bg7 11. Rd1 O-O 12. Nxc6 bxc6 13. Nc3 Rb8 14. Qa3
Nb4 15. Bxe6 fxe6 16. Qa4 Qb6 17. Be3 Nd5 18. Nxd5 cxd5 19. b3 Rbc8 20. Rac1
Bf6 21. Qd7 Qa6 22. b4 Rcd8 23. Qc6 Rd6 24. Qc5 Qxa2 25. Ra1 Qc4 26. Rxa7 Rc6
27. Qa5 Qe2 28. Rf1 Rc2 29. Qa6 Qxa6 30. Rxa6 Kf7 31. Rb6 Rfc8 32. g3 Rb2 33.
Re1 Rc4 34. Rxe6 Kxe6 35. Bc1+ Kd7 36. Bxb2 Rxb4 37. Re2 Bxd4 38. Bxd4 Rxd4 39.
f4 Kd6 40. Kf2 Rd3 41. Ra2 Rc3 42. Ke2 Rb3 43. Rc2 Ra3 44. Rb2 Rc3 45. Ra2 h5
46. Kd2 Rc6 47. Kd3 Rb6 48. Kd4 Rb4+ 49. Kd3 Rb3+ 50. Kd4 e6 51. Ra7 h4 52. g4
Rf3 53. Rf7 g5 0-1

[Event "Albena BUL, 19th Open round_6"]
[Site "Albena BUL"]
[Date "2011.06.30"]
[Round "6.46"]
[White "Halldorsson, Jon Arni"]
[Black "Solonsky, Alexandr"]
[Result "1-0"]
[WhiteElo "2214"]
[BlackElo "1970"]
[PlyCount "93"]
[EventDate "2011.06.25"]
[EventType "swiss"]
[EventRounds "9"]
[EventCountry "BUL"]

1. d4 d5 2. c4 e6 3. Nc3 Be7 4. Nf3 Nf6 5. Bg5 O-O 6. e3 h6 7. Bh4 Ne4 8. Bxe7
Qxe7 9. Rc1 Nxc3 10. Rxc3 c6 11. Bd3 dxc4 12. Bxc4 Nd7 13. O-O e5 14. dxe5 Nxe5
15. Nxe5 Qxe5 16. f4 Qe7 17. f5 Qf6 18. Rd3 b5 19. Bb3 Bb7 20. Rd6 Qe7 21. Rd7
Qxe3+ 22. Kh1 Qb6 23. Qh5 c5 24. f6 Qc6 25. Qg6 Qxg2+ 26. Qxg2 Bxg2+ 27. Kxg2
c4 28. fxg7 Kxg7 29. Bd1 Rad8 30. Rfxf7+ Rxf7 31. Rxd8 b4 32. Ba4 c3 33. bxc3
bxc3 34. Rc8 Rf4 35. Bb3 a5 36. Rxc3 Rf5 37. Rg3+ Kf6 38. Rf3 Ke5 39. Rxf5+
Kxf5 40. Kf3 Ke5 41. Ke3 Kd6 42. Kd4 Kc6 43. Kc4 Kb6 44. a4 Kc6 45. Bd1 Kb6 46.
Bf3 Ka6 47. Kc5 1-0

[Event "Albena BUL, 19th Open round_6"]
[Site "Albena BUL"]
[Date "2011.06.30"]
[Round "6.47"]
[White "Todorov, Yavor"]
[Black "Nedev, Tanio"]
[Result "1/2-1/2"]
[WhiteElo "1987"]
[BlackElo "2204"]
[PlyCount "75"]
[EventDate "2011.06.25"]
[EventType "swiss"]
[EventRounds "9"]
[EventCountry "BUL"]

1. d4 d5 2. c4 c6 3. Nc3 Nf6 4. e3 Bf5 5. cxd5 cxd5 6. Qb3 Bc8 7. Bb5+ Nc6 8.
Nf3 e6 9. O-O Bd6 10. Bd2 O-O 11. Rac1 Bd7 12. Bd3 Na5 13. Qd1 Nc6 14. Qe2 g6
15. Nb5 Bb8 16. a3 a6 17. Nc3 Bd6 18. b4 Ne7 19. Rfe1 a5 20. bxa5 Nc6 21. Nb5
Be7 22. Ne5 Nxa5 23. Bb4 Nc6 24. Nxc6 Bxc6 25. Rb1 Bxb5 26. Bxb5 Bxb4 27. axb4
Ne4 28. Rec1 Qb6 29. Bd3 Nd6 30. g3 Ra4 31. Qd2 Rfa8 32. Rb2 Kg7 33. Kg2 Ra1
34. Rxa1 Rxa1 35. Qc3 Qa7 36. Qc5 Qa3 37. Qxd6 Qxd3 38. Qe5+ 1/2-1/2

[Event "Albena BUL, 19th Open round_6"]
[Site "Albena BUL"]
[Date "2011.06.30"]
[Round "6.48"]
[White "Idrisov, Tabriz Arif Oglu"]
[Black "Dereshki, Dario"]
[Result "1-0"]
[WhiteElo "2204"]
[BlackElo "1927"]
[PlyCount "53"]
[EventDate "2011.06.25"]
[EventType "swiss"]
[EventRounds "9"]
[EventCountry "BUL"]

1. d4 d5 2. c4 c6 3. Nc3 Nf6 4. Nf3 a6 5. cxd5 cxd5 6. Bf4 Nc6 7. e3 Bg4 8. h3
Bh5 9. Rc1 e6 10. Qb3 Bxf3 11. gxf3 Qd7 12. Rg1 Nh5 13. Bh2 f5 14. Na4 Ra7 15.
a3 f4 16. Rg5 g6 17. Nb6 Qf7 18. Nxd5 Bh6 19. Rxc6 Bxg5 20. Rc8+ Bd8 21. Rxd8+
Kxd8 22. Qb6+ Ke8 23. Qxa7 Kf8 24. Qb8+ Kg7 25. Qe5+ Kh6 26. Qxh8 exd5 27. Qe5
1-0

[Event "Albena BUL, 19th Open round_6"]
[Site "Albena BUL"]
[Date "2011.06.30"]
[Round "6.49"]
[White "Dimov, Kiril"]
[Black "Delgado-Vlaic, Adrian"]
[Result "1-0"]
[WhiteElo "2187"]
[BlackElo "1919"]
[PlyCount "65"]
[EventDate "2011.06.25"]
[EventType "swiss"]
[EventRounds "9"]
[EventCountry "BUL"]

1. d4 Nf6 2. c4 e6 3. Nc3 d5 4. Nf3 Nbd7 5. Bg5 Bb4 6. e3 c5 7. a3 Bxc3+ 8.
bxc3 Qa5 9. Qc2 Ne4 10. Rc1 cxd4 11. exd4 Nxg5 12. Nxg5 dxc4 13. Ne4 b5 14. Be2
O-O 15. Bf3 Rb8 16. O-O Bb7 17. Rfe1 Bxe4 18. Rxe4 Nf6 19. Rh4 Qxa3 20. g4 h6
21. Qd2 b4 22. g5 bxc3 23. Qe3 hxg5 24. Qxg5 c2 25. Kg2 Rb1 26. Rxc2 Qd3 27.
Ra2 Qf1+ 28. Kg3 Qg1+ 29. Bg2 Rb3+ 30. f3 Qe1+ 31. Kh3 c3 32. Ra4 c2 33. Qxg7+
1-0

[Event "Albena BUL, 19th Open round_6"]
[Site "Albena BUL"]
[Date "2011.06.30"]
[Round "6.50"]
[White "Bejatovic, Bojana"]
[Black "Ahmedov, Metin"]
[Result "1-0"]
[WhiteElo "1968"]
[BlackElo "2174"]
[PlyCount "73"]
[EventDate "2011.06.25"]
[EventType "swiss"]
[EventRounds "9"]
[EventCountry "BUL"]

1. d4 Nf6 2. Nf3 c5 3. e3 d5 4. Nbd2 Nbd7 5. b3 cxd4 6. exd4 g6 7. Bb2 Qa5 8.
Bd3 Bh6 9. O-O O-O 10. a3 Re8 11. Re1 Nf8 12. b4 Qc7 13. Ne5 Bf5 14. Bxf5 gxf5
15. c4 dxc4 16. Ndxc4 Ng6 17. Qb3 e6 18. Rad1 Rad8 19. Rd3 b5 20. Ne3 Nxe5 21.
dxe5 Ne4 22. Red1 Bg7 23. f3 Ng5 24. h4 f4 25. hxg5 fxe3 26. Rxe3 Rxd1+ 27.
Qxd1 Qb6 28. Qd4 Qb7 29. Rc3 Qe7 30. f4 h6 31. gxh6 Bxh6 32. Rg3+ Kf8 33. f5
exf5 34. e6 Qxe6 35. Rg8+ Ke7 36. Qxa7+ Qd7 37. Qc5+ 1-0

[Event "Albena BUL, 19th Open round_7"]
[Site "Albena BUL"]
[Date "2011.07.01"]
[Round "7.1"]
[White "Rodshtein, Maxim"]
[Black "Grigoryan, Avetik"]
[Result "1-0"]
[WhiteElo "2638"]
[BlackElo "2608"]
[PlyCount "77"]
[EventDate "2011.??.??"]
[EventCountry "BUL"]

1. d4 Nf6 2. c4 e6 3. Nf3 c5 4. d5 exd5 5. cxd5 d6 6. Nc3 g6 7. Bf4 a6 8. a4
Bg7 9. h3 O-O 10. e3 Re8 11. Nd2 Nbd7 12. Be2 Ne5 13. O-O Nfd7 14. Qc2 f5 15.
Bg3 b6 16. b3 Qf6 17. Rac1 Bb7 18. Nc4 Re7 19. Bxe5 Nxe5 20. Nxb6 Rf8 21. f4
Nf7 22. Nc4 Nh6 23. Bf3 g5 24. fxg5 Qxg5 25. Ne2 Nf7 26. Kh1 Qh6 27. Ng3 Bc8
28. Nb6 Re5 29. Nxc8 Qg5 30. Nxf5 Rxc8 31. Be2 a5 32. Rf3 Nh6 33. Nxd6 Rf8 34.
Rcf1 Rxf3 35. Rxf3 Rxe3 36. Ne4 Qh4 37. Rxe3 Qe1+ 38. Kh2 Bd4 39. Ng5 1-0

[Event "Albena BUL, 19th Open round_7"]
[Site "Albena BUL"]
[Date "2011.07.01"]
[Round "7.2"]
[White "Cheparinov, Ivan"]
[Black "Szabo, Gergely-Andras-Gyul"]
[Result "1-0"]
[WhiteElo "2669"]
[BlackElo "2545"]
[PlyCount "57"]
[EventDate "2011.??.??"]
[EventCountry "BUL"]

1. d4 e6 2. c4 f5 3. Nc3 Nf6 4. Qc2 b6 5. e3 Bb4 6. Bd3 Bb7 7. f3 c5 8. a3
Bxc3+ 9. Qxc3 d6 10. Nh3 Qe7 11. O-O Nbd7 12. b4 O-O 13. Qb3 g6 14. bxc5 dxc5
15. Bb2 e5 16. d5 h6 17. Rae1 Ne8 18. Qc3 Kh7 19. g3 Nd6 20. e4 b5 21. f4 Nxe4
22. Bxe4 b4 23. Qd3 fxe4 24. Rxe4 bxa3 25. Qxa3 Qf7 26. Bxe5 Nb6 27. Nf2 Rfe8
28. Rfe1 Bc8 29. Ba1 1-0

[Event "Albena BUL, 19th Open round_7"]
[Site "Albena BUL"]
[Date "2011.07.01"]
[Round "7.3"]
[White "Lupulescu, Constantin"]
[Black "Sanduleac, Vasile"]
[Result "1-0"]
[WhiteElo "2638"]
[BlackElo "2424"]
[PlyCount "107"]
[EventDate "2011.??.??"]
[EventCountry "BUL"]

1. e4 c6 2. d4 d5 3. Nc3 dxe4 4. Nxe4 Bf5 5. Ng3 Bg6 6. h4 h6 7. Nf3 Nd7 8. h5
Bh7 9. Bd3 Bxd3 10. Qxd3 e6 11. Bd2 Ngf6 12. O-O-O Be7 13. Kb1 Qc7 14. Ne4 Nxe4
15. Qxe4 Nf6 16. Qe2 O-O-O 17. c4 Rhe8 18. Bc3 Qf4 19. Ka1 Qe4 20. Rde1 Qxe2
21. Rxe2 Ng4 22. Kb1 Bd6 23. Kc2 Rd7 24. Ne1 Red8 25. Nd3 Nf6 26. f3 b6 27. g4
Kb7 28. Re3 Bc7 29. Rg1 Bd6 30. b3 Bc7 31. Rf1 Kc8 32. Ne5 Bxe5 33. dxe5 Ne8
34. f4 Nc7 35. f5 Rg8 36. Rd3 Rxd3 37. Kxd3 Kd7 38. Ke4 Ne8 39. Rd1+ Ke7 40.
Bb4+ c5 41. Bc3 f6 42. Kf4 fxe5+ 43. Bxe5 Nf6 44. Rd6 exf5 45. Kxf5 Ne8 46. Rd2
g6+ 47. hxg6 Rf8+ 48. Ke4 Rg8 49. g7 Nxg7 50. Rh2 Ne8 51. Rxh6 Rxg4+ 52. Kf5
Rg2 53. Rh7+ Kd8 54. Rxa7 1-0